书目信息 |
| 题名: |
战略性新兴产业集群协同创新发生机理研究
|
|
| 作者: | 张敬文 , 黄山 , 徐莉 著 | |
| 分册: | ||
| 出版信息: | 北京 经济管理出版社 2022.06 |
|
| 页数: | 225页 | |
| 开本: | 24cm | |
| 丛书名: | ||
| 单 册: | ||
| 中图分类: | F269.2 | |
| 科图分类: | ||
| 主题词: | 新兴产业--xin xing chan ye--产业集群--产业发展--研究--中国 | |
| 电子资源: | ||
| ISBN: | 978-7-5096-8414-6 | |
| 000 | 01672nam0 2200301 450 | |
| 001 | CAL 0120227439661 | |
| 005 | 20230217093113.0 | |
| 010 | @a978-7-5096-8414-6@dCNY98.00 | |
| 100 | @a20220729d2022 em y0chiy0120 ea | |
| 101 | 0 | @achi |
| 102 | @aCN@b110000 | |
| 105 | @aak a 000yy | |
| 106 | @ar | |
| 200 | 1 | @a战略性新兴产业集群协同创新发生机理研究@Azhan lue xing xin xing chan ye ji qun xie tong chuang xin fa sheng ji li yan jiu@d= Research on the mechanism of collaborative innovation in the strategic emerging industrial clusters@f张敬文, 黄山, 徐莉著@zeng |
| 210 | @a北京@c经济管理出版社@d2022.06 | |
| 215 | @a225页@c图@d24cm | |
| 300 | @a国家自然科学基金项目 国家社会科学基金项目 江西省高校人文社会科学重点研究基地项目 | |
| 314 | @a张敬文, 江西吉安人, 管理学博士, 教授, 博士生导师, 江西师范大学区域创新与创业研究中心副主任, 美国Arizona State University 访问学者。 | |
| 320 | @a有书目 (第194-224页) | |
| 330 | @a本书在界定战略性新兴产业集群内涵特征的基础上, 结合战略性新兴产业的创新属性, 探究战略性新兴产业集群知识协同机制、组织学习机制和协同创新机制, 并对战略性新兴产业集群创新网络协同创新绩效进行实证研究, 以期揭示战略性新兴产业集群协同创新发生机理。最后, 借鉴发达国家新兴产业集群创新发展经验, 提出促进我国战略性新兴产业集群协同创新发展的政策建议。 | |
| 510 | 1 | @aResearch on the mechanism of collaborative innovation in the strategic emerging industrial clusters@zeng |
| 606 | 0 | @a新兴产业@Axin xing chan ye@x产业集群@x产业发展@x研究@y中国 |
| 690 | @aF269.2@v5 | |
| 701 | 0 | @a张敬文@Azhang jing wen@4著 |
| 701 | 0 | @a黄山@Ahuang shan@4著 |
| 701 | 0 | @a徐莉@Axu li@4著 |
| 801 | 0 | @aCN@bBJXHZP@c20230228 |
| 905 | @b1397181-4@dF269.2@e354@f4 | |
| 战略性新兴产业集群协同创新发生机理研究= Research on the mechanism of collaborative innovation in the strategic emerging industrial clusters/张敬文, 黄山, 徐莉著.-北京:经济管理出版社,2022.06 |
| 225页:图;24cm |
| 国家自然科学基金项目 国家社会科学基金项目 江西省高校人文社会科学重点研究基地项目 |
| ISBN 978-7-5096-8414-6:CNY98.00 |
| 本书在界定战略性新兴产业集群内涵特征的基础上, 结合战略性新兴产业的创新属性, 探究战略性新兴产业集群知识协同机制、组织学习机制和协同创新机制, 并对战略性新兴产业集群创新网络协同创新绩效进行实证研究, 以期揭示战略性新兴产业集群协同创新发生机理。最后, 借鉴发达国家新兴产业集群创新发展经验, 提出促进我国战略性新兴产业集群协同创新发展的政策建议。 |
| ● |
| 相关链接 |
|
|
|
|
正题名:战略性新兴产业集群协同创新发生机理研究
索取号:F269.2/354
 
预约/预借
| 序号 | 登录号 | 条形码 | 馆藏地/架位号 | 状态 | 备注 |
| 1 | 1397181 | 213971816 | 第一样本阅览室/ [索取号:F269.2/354] | 在馆 | |
| 2 | 1397182 | 213971825 | 第一借阅区/ [索取号:F269.2/354] | 在馆 | |
| 3 | 1397183 | 213971834 | 第一借阅区/ [索取号:F269.2/354] | 在馆 | |
| 4 | 1397184 | 213971843 | 第一借阅区/ [索取号:F269.2/354] | 在馆 |